000 01383nam a2200373 c 4500
003 BLK
005 20250428174221.0
008 180409b bul|||||r ||||||| ||bul||
010 _aKNG00138963000
020 _a978-954-409-329-7
_bиздат.: Плеяда
040 _aBLK
041 _aBUL
_cBUL
072 7 _2bullib
_aН83
_xЧужда художествена литература Н
080 _aАмериканска литература (на САЩ)
_b821.111(73)
_x-31
_z821.111(73)-31
100 1 _aХармел, Кристин
_eпърви автор
_9136380
700 1 _aРашкова, Нина
_eпрев. от англ.
_9292238
139 _aХармел, Кристин
_bХ 28
245 1 0 _aРим, моя любов
_bРоман
_cКристин Хармел; прев. от англ. Нина Рашкова.
257 _aUSA
260 София
_bПлеяда
_c2012
300 _a328 с.
_c21 см
380 _aX
490 1 _aLadybird
500 _aОриг. загл. Italian for Beginners / Kristin Harmel
653 _aромантична проза
653 _aромани
659 _aН
852 _aЦб 258143
856 4 _qpdf
_u
856 4 _qpdf
_u
942 _cKNG
_n0
_021
944 _aCR
_c05.02.2013
_lЦветомила Тодорова
_k30576
944 _aED
_c05.07.2017
_lф /
_kЛюдмила_Стоянова
999 _c133073
_d133073